[Event "CZE/SVK-chT (Women)"]
[Site "Martin"]
[Date "2010.??.??"]
[Round "5"]
[White "Rutter, Lidmila"]
[Black "Kantor, Reka"]
[Result "1-0"]
[WhiteElo "1910"]
[BlackElo "1960"]
[PlyCount "55"]
[EventDate "2010.05.??"]
[EventType "team-tourn"]
[EventRounds "7"]
[EventCountry "SVK"]
[SourceTitle "EXT 2012"]
[Source "ChessBase"]
[SourceDate "2011.11.24"]
[SourceVersion "1"]
[SourceVersionDate "2011.11.24"]
[SourceQuality "1"]

1. e4 e5 2. Nf3 Nc6 3. d4 exd4 4. Nxd4 Qf6 5. Nxc6 Bc5 6. Qe2 Qxc6 7. Nc3 Ne7 8. Bg5 Ng6 9. 0-0-0 a6 10. h4 h6 11. Be3 b5 12. h5 Ne7 13. f4 Bxe3+ 14. Qxe3 Bb7 15. Nd5 d6 16. Nxe7 Kxe7 17. e5 Kd7 18. Qh3+ Kd8 19. Qh4+ Kc8 20. exd6 cxd6 21. Qg4+ Qd7 22. Qxg7 Kc7 23. Rh3 Rag8 24. Rc3+ Kb8 25. Qd4 Rh7 26. Qb6 Rd8 27. Bd3 f5 28. Bxf5 1-0

[Event "Nachod op"]
[Site "Nachod"]
[Date "2009.07.06"]
[Round "3"]
[White "Ivekovic, Bozidar"]
[Black "Rutter, Lidmila"]
[Result "1/2-1/2"]
[WhiteElo "2122"]
[BlackElo "1888"]
[PlyCount "99"]
[EventDate "2009.07.04"]
[EventType "swiss"]
[EventRounds "9"]
[EventCountry "CZE"]
[SourceTitle "CBM 131 Extra"]
[Source "ChessBase"]
[SourceDate "2009.09.03"]
[SourceVersion "2"]
[SourceVersionDate "2009.09.16"]
[SourceQuality "1"]

1. e4 Nf6 2. Nc3 d5 3. e5 d4 4. exf6 dxc3 5. fxe7 cxd2+ 6. Bxd2 Bxe7 7. Bd3 0-0 8. Qh5 g6 9. Qf3 Bf6 10. 0-0-0 Nc6 11. Bf4 Ne5 12. Bxe5 Bxe5 13. Kb1 Qd4 14. c3 Qb6 15. Ne2 Be6 16. Bc2 Rfd8 17. Nc1 a5 18. Rde1 Bg7 19. Qe3 Rd6 20. Qxb6 Rxb6 21. Ka1 a4 22. a3 Ra5 23. Na2 Rd5 24. Rd1 Rbd6 25. Rxd5 Rxd5 26. Rd1 Be5 27. g3 b5 28. Rxd5 Bxd5 29. Bd3 c6 30. Nb4 Bf3 31. Nc2 Kf8 32. Kb1 Ke7 33. Kc1 Kd6 34. Kd2 f5 35. Ne1 Bd5 36. f4 Bf6 37. Ke3 h6 38. h4 Be6 39. Nf3 Bd7 40. h5 gxh5 41. Nh4 c5 42. Nxf5+ Bxf5 43. Bxf5 b4 44. Kd3 h4 45. gxh4 bxa3 46. bxa3 Bxh4 47. Kc4 Bg3 48. Bc2 Bxf4 49. Bxa4 Bc1 50. Kb3 1/2-1/2

[Event "Nachod op"]
[Site "Nachod"]
[Date "2009.07.04"]
[Round "1"]
[White "Rosko, Lubos"]
[Black "Rutter, Lidmila"]
[Result "1-0"]
[WhiteElo "2292"]
[BlackElo "1888"]
[PlyCount "55"]
[EventDate "2009.07.04"]
[EventType "swiss"]
[EventRounds "9"]
[EventCountry "CZE"]
[SourceTitle "CBM 131 Extra"]
[Source "ChessBase"]
[SourceDate "2009.09.03"]
[SourceVersion "2"]
[SourceVersionDate "2009.09.16"]
[SourceQuality "1"]

1. e4 Nf6 2. e5 Nd5 3. c4 Nb6 4. d4 d6 5. exd6 exd6 6. Nc3 Nc6 7. Be2 Be7 8. h3 0-0 9. Nf3 Bf6 10. Ne4 Bf5 11. Nxf6+ Qxf6 12. Bg5 Qg6 13. Qd2 h6 14. Be3 d5 15. b3 Rfe8 16. c5 Nd7 17. Nh4 Qf6 18. Nxf5 Nxc5 19. Ng3 Ne6 20. Rd1 g5 21. 0-0 Nf4 22. Bb5 Re6 23. Bxf4 gxf4 24. Nh5 Qg5 25. Nxf4 Re4 26. Bxc6 bxc6 27. g3 Rae8 28. Rfe1 1-0

[Event "Zdar nad Sazavou Vysocina op-A 5th"]
[Site "Zdar nad Sazavou"]
[Date "2008.09.21"]
[Round "2"]
[White "Rutter, Lidmila"]
[Black "Talla, Vladimir"]
[Result "0-1"]
[WhiteElo "1893"]
[BlackElo "2407"]
[PlyCount "86"]
[EventDate "2008.09.20"]
[EventType "swiss"]
[EventRounds "9"]
[EventCountry "CZE"]
[SourceTitle "CBM 126 Extra"]
[Source "ChessBase"]
[SourceDate "2008.11.05"]
[SourceVersion "1"]
[SourceVersionDate "2008.11.05"]
[SourceQuality "1"]

1. e4 c5 2. Nf3 d6 3. d4 cxd4 4. Nxd4 Nf6 5. Nc3 a6 6. Bg5 e6 7. f4 b5 8. e5 dxe5 9. fxe5 Qc7 10. exf6 Qe5+ 11. Be2 Qxg5 12. 0-0 Ra7 13. Kh1 Rd7 14. Nf3 Rxd1 15. Nxg5 Rxa1 16. Rxa1 gxf6 17. Nge4 f5 18. Ng5 h6 19. Nf3 Bd6 20. Rd1 Ke7 21. Nd4 Bb7 22. Bf3 Bxf3 23. gxf3 Rc8 24. Re1 Kf6 25. Ncxb5 axb5 26. Nxb5 Bxh2 27. Kxh2 Rxc2+ 28. Kg3 Rxb2 29. Nc3 Rc2 30. Re3 Nc6 31. a4 Na5 32. Rd3 Nc4 33. f4 h5 34. Nb5 Ra2 35. Nc3 Ra3 36. Rf3 Kg6 37. Kh4 Nb6 38. Rg3+ Kh6 39. a5 Rxa5 40. Rg5 Nd7 41. Rxh5+ Kg6 42. Ne2 Ra4 43. Rg5+ Kf6 0-1

[Event "Ricany op-A"]
[Site "Ricany"]
[Date "2008.08.29"]
[Round "8"]
[White "Halla, Jiri"]
[Black "Rutter, Lidmila"]
[Result "1-0"]
[WhiteElo "1834"]
[BlackElo "1893"]
[PlyCount "47"]
[EventDate "2008.08.23"]
[EventType "swiss"]
[EventRounds "9"]
[EventCountry "CZE"]
[SourceTitle "CBM 126 Extra"]
[Source "ChessBase"]
[SourceDate "2008.11.05"]
[SourceVersion "1"]
[SourceVersionDate "2008.11.05"]
[SourceQuality "1"]

1. b3 e5 2. Bb2 Nc6 3. e3 d5 4. Bb5 Bd6 5. f4 Qe7 6. Nf3 f6 7. Nc3 Qf7 8. fxe5 fxe5 9. 0-0 Nf6 10. Qe1 Bd7 11. e4 0-0-0 12. exd5 Nd4 13. Bxd7+ Rxd7 14. Nxd4 exd4 15. Nb5 Qxd5 16. Nxd6+ Qxd6 17. Qf2 Re8 18. Rae1 Red8 19. Qf3 h5 20. Qf4 Qc5 21. Qf5 Qb6 22. d3 Kb8 23. h3 Nd5 24. Qxd7 1-0

[Event "Ricany op-A"]
[Site "Ricany"]
[Date "2008.08.27"]
[Round "6"]
[White "Hajek, J."]
[Black "Rutter, Lidmila"]
[Result "1-0"]
[WhiteElo "1713"]
[BlackElo "1893"]
[PlyCount "41"]
[EventDate "2008.08.23"]
[EventType "swiss"]
[EventRounds "9"]
[EventCountry "CZE"]
[SourceTitle "CBM 126 Extra"]
[Source "ChessBase"]
[SourceDate "2008.11.05"]
[SourceVersion "1"]
[SourceVersionDate "2008.11.05"]
[SourceQuality "1"]

1. e4 Nf6 2. e5 Nd5 3. c4 Nb6 4. c5 Nd5 5. Bc4 e6 6. d4 d6 7. cxd6 cxd6 8. Nf3 Nc6 9. 0-0 Be7 10. Re1 0-0 11. a3 a6 12. Nbd2 b5 13. Bd3 Nf4 14. Bxh7+ Kh8 15. Be4 d5 16. Bc2 b4 17. Nb3 Ng6 18. Nfd2 bxa3 19. bxa3 Bg5 20. Qh5+ Kg8 21. Nf3 1-0

[Event "Teplice op 3rd"]
[Site "Teplice"]
[Date "2008.06.18"]
[Round "5"]
[White "Rutter, Lidmila"]
[Black "Krejci, Jan"]
[Result "0-1"]
[WhiteElo "1893"]
[BlackElo "2096"]
[PlyCount "24"]
[EventDate "2008.06.14"]
[EventType "swiss"]
[EventRounds "9"]
[EventCountry "CZE"]
[SourceTitle "CBM 125 Extra"]
[Source "ChessBase"]
[SourceDate "2008.09.01"]
[SourceVersion "1"]
[SourceVersionDate "2008.09.01"]
[SourceQuality "1"]

1. e4 e5 2. Nf3 Nf6 3. d4 Nxe4 4. Bd3 d5 5. Nxe5 Bd6 6. Nd2 Bxe5 7. dxe5 Nc5 8. Nf3 Bg4 9. Bg5 Bxf3 10. Qd2 Nxd3+ 11. cxd3 f6 12. exf6 gxf6 0-1

[Event "Teplice op 3rd"]
[Site "Teplice"]
[Date "2008.06.16"]
[Round "3"]
[White "Rutter, Lidmila"]
[Black "Wirth, Pavel"]
[Result "1/2-1/2"]
[WhiteElo "1893"]
[BlackElo "1757"]
[PlyCount "108"]
[EventDate "2008.06.14"]
[EventType "swiss"]
[EventRounds "9"]
[EventCountry "CZE"]
[SourceTitle "CBM 125 Extra"]
[Source "ChessBase"]
[SourceDate "2008.09.01"]
[SourceVersion "1"]
[SourceVersionDate "2008.09.01"]
[SourceQuality "1"]

1. e4 d5 2. exd5 Nf6 3. d4 Nxd5 4. Nf3 Bg4 5. Be2 Bxf3 6. Bxf3 c6 7. c4 Nf6 8. 0-0 e6 9. c5 Be7 10. Nc3 0-0 11. Bf4 Nbd7 12. Qb3 Qc8 13. Ne4 Nxe4 14. Bxe4 Nf6 15. Bf3 Nd5 16. Bg3 Bf6 17. Rad1 Re8 18. Rfe1 Qd7 19. Be4 g6 20. Bd6 Bg7 21. Qg3 Rad8 22. h4 Nf6 23. Bc2 Nh5 24. Qf3 Bf8 25. Be5 Ng7 26. g4 f5 27. Kh2 Qd5 28. Qg3 fxg4 29. Bb3 Qf3 30. Qxf3 gxf3 31. Re3 Nf5 32. Rxf3 Bg7 33. Bxg7 Kxg7 34. Rf4 e5 35. dxe5 Rxd1 36. Bxd1 Rxe5 37. Rb4 Re7 38. h5 g5 39. Bg4 Kf6 40. f4 h6 41. Kg1 Ne3 42. fxg5+ Kxg5 43. Bc8 Nd5 44. Rxb7 Rxb7 45. Bxb7 Ne7 46. b4 Kxh5 47. a4 Kg5 48. b5 cxb5 49. axb5 Kf6 50. b6 axb6 51. cxb6 Ke6 52. Kf2 Kd6 53. Bf3 Nc8 54. b7 Kc7 1/2-1/2

[Event "Teplice op 3rd"]
[Site "Teplice"]
[Date "2008.06.14"]
[Round "1"]
[White "Rutter, Lidmila"]
[Black "Plischki, Sebastian"]
[Result "0-1"]
[WhiteElo "1893"]
[BlackElo "2378"]
[PlyCount "72"]
[EventDate "2008.06.14"]
[EventType "swiss"]
[EventRounds "9"]
[EventCountry "CZE"]
[SourceTitle "CBM 125 Extra"]
[Source "ChessBase"]
[SourceDate "2008.09.01"]
[SourceVersion "1"]
[SourceVersionDate "2008.09.01"]
[SourceQuality "1"]

1. e4 c5 2. Nf3 e6 3. d4 cxd4 4. Nxd4 Nc6 5. Nc3 Qc7 6. Be3 a6 7. a3 b5 8. g3 Bb7 9. Bg2 Rc8 10. 0-0 Nf6 11. f4 d6 12. Qe2 Be7 13. Rad1 0-0 14. Nb3 Rfe8 15. Rd2 Bf8 16. h3 Ba8 17. Qf2 Qb8 18. g4 b4 19. axb4 Nxb4 20. g5 Nd7 21. f5 exf5 22. Qxf5 Ne5 23. h4 Nxc2 24. Rxc2 Qxb3 25. Rcf2 g6 26. Qh3 Bg7 27. h5 Qe6 28. h6 Bh8 29. Qg3 Qe7 30. Nd5 Bxd5 31. exd5 Rc4 32. Bf4 Rb4 33. Qa3 Qb7 34. Re1 Nf3+ 35. Qxf3 Rxe1+ 36. Kh2 Rxf4 0-1

[Event "Liberec op"]
[Site "Liberec"]
[Date "2007.11.17"]
[Round "9"]
[White "Rutter, Lidmila"]
[Black "Pichl, Michael"]
[Result "1-0"]
[WhiteElo "1920"]
[BlackElo "2082"]
[PlyCount "61"]
[EventDate "2007.11.10"]
[EventType "swiss"]
[EventRounds "9"]
[EventCountry "CZE"]
[SourceTitle "CBM 121 Extra"]
[Source "ChessBase"]
[SourceDate "2008.01.10"]
[SourceVersion "1"]
[SourceVersionDate "2008.01.10"]
[SourceQuality "1"]

1. e4 c5 2. Nf3 g6 3. d4 Bg7 4. Nc3 cxd4 5. Nxd4 Nc6 6. Be3 Nf6 7. Bc4 0-0 8. Qd2 Ng4 9. Nxc6 bxc6 10. Bd4 e5 11. Bc5 Re8 12. h3 Bh6 13. Qe2 Nf6 14. Bd6 Nh5 15. Qf3 Nf4 16. Rd1 Qb6 17. 0-0 Ba6 18. Na4 Qa5 19. Bxa6 Qxa6 20. Nc5 Qc8 21. b4 a5 22. a3 Ra7 23. Nd3 Nh5 24. Nxe5 f6 25. Qb3+ Re6 26. Bc5 Kg7 27. Nxd7 Rxe4 28. Bxa7 Re7 29. bxa5 Rxd7 30. Rxd7+ Qxd7 31. Bb8 1-0

[Event "Ostrava Konik op-B"]
[Site "Ostrava"]
[Date "2007.05.??"]
[Round "1"]
[White "Ondika, Roman"]
[Black "Rutter, Lidmila"]
[Result "1/2-1/2"]
[WhiteElo "1975"]
[BlackElo "1675"]
[PlyCount "100"]
[EventDate "2007.05.??"]
[EventType "swiss"]
[EventRounds "9"]
[EventCountry "CZE"]
[SourceTitle "EXT 2010"]
[Source "ChessBase"]
[SourceDate "2010.11.25"]
[SourceVersion "1"]
[SourceVersionDate "2010.11.25"]
[SourceQuality "1"]

1. d4 d5 2. c4 e6 3. Nc3 Nf6 4. Bg5 Be7 5. Nf3 Nbd7 6. e3 0-0 7. Rc1 c5 8. cxd5 cxd4 9. Nxd4 Nxd5 10. Bxe7 Qxe7 11. Nxd5 exd5 12. Qb3 Nf6 13. Be2 Bg4 14. Bxg4 Nxg4 15. 0-0 Qd7 16. h3 Ne5 17. Rc2 Rac8 18. Rfc1 Rxc2 19. Qxc2 Nc4 20. b3 Nb6 21. Qb2 Rc8 22. Rc3 h6 23. Qc2 Rxc3 24. Qxc3 Nc8 25. Kf1 Ne7 26. Ke2 Nc6 27. Qc5 Nxd4+ 28. Qxd4 b6 29. Qe5 f6 30. Qd4 Kf7 31. e4 Qb5+ 32. Ke3 dxe4 33. Qxe4 Qc5+ 34. Qd4 Qg5+ 35. Kf3 Qf5+ 36. Kg3 Ke6 37. Qc4+ Kd6 38. Qb4+ Qc5 39. Qd2+ Qd5 40. Qxd5+ Kxd5 41. Kf4 g6 42. h4 Ke6 43. g4 f5 44. f3 Kf6 45. gxf5 gxf5 46. h5 b5 47. b4 Ke6 48. Ke3 Kd5 49. Kf4 Ke6 50. Ke3 Kd5 1/2-1/2

[Event "Ostrava Konik op-B"]
[Site "Ostrava"]
[Date "2007.05.??"]
[Round "2"]
[White "Rutter, Lidmila"]
[Black "Herman, Pavel"]
[Result "0-1"]
[WhiteElo "1675"]
[BlackElo "1895"]
[PlyCount "84"]
[EventDate "2007.05.??"]
[EventType "swiss"]
[EventRounds "9"]
[EventCountry "CZE"]
[SourceTitle "EXT 2010"]
[Source "ChessBase"]
[SourceDate "2010.11.25"]
[SourceVersion "1"]
[SourceVersionDate "2010.11.25"]
[SourceQuality "1"]

1. e4 d6 2. d4 Nf6 3. Nc3 g6 4. Nf3 Bg7 5. Bc4 c6 6. h3 b5 7. Bd3 b4 8. Ne2 0-0 9. c4 a5 10. 0-0 Nfd7 11. a3 bxa3 12. Rxa3 Bb7 13. Bd2 e5 14. Qb3 Qc7 15. Rfa1 a4 16. Rxa4 Rxa4 17. Qxa4 exd4 18. Nexd4 Nc5 19. Qc2 Nbd7 20. b4 Nxd3 21. Qxd3 Re8 22. Ra7 Qb6 23. Ra3 c5 24. Nb5 Bxe4 25. bxc5 Qxc5 26. Qxd6 Bxf3 27. Qxd7 Bc6 28. Qd3 Qe7 29. Be3 Rd8 30. Qb3 Bf8 31. Ra7 Qe4 32. f3 Qe5 33. c5 Bd5 34. Qd3 Qb8 35. Bd4 Be6 36. c6 Qf4 37. c7 Rd5 38. Rb7 Bd7 39. Rb8 Rxb5 40. Rxb5 Bxb5 41. Qxb5 Qxd4+ 42. Kh1 Qd1+ 0-1